000 00243nam a2200097Ia 4500
001 649509
005 20250826153743.0
008 250824s9999 xx 000 0 und d
245 0 _aKAPİLANDIN KARANLIK YÜZÜ
_cMİYASE SERTBARUT
260 _bTUDEM
999 _c649509
_d649509